Further engineering mathematics : (Record no. 543746)
[ view plain ]
| 000 -LEADER | |
|---|---|
| fixed length control field | 00681pam a2200193 a 4500 |
| 020 ## - INTERNATIONAL STANDARD BOOK NUMBER | |
| International Standard Book Number | 0387912800 |
| 082 00 - DEWEY DECIMAL CLASSIFICATION NUMBER | |
| Classification number | 510.2462 |
| Author Mark | STR |
| -- | L.3, P45 |
| 100 1# - MAIN ENTRY--PERSONAL NAME | |
| Personal name | Stroud, K. A. |
| 9 (RLIN) | 39005 |
| 245 10 - TITLE STATEMENT | |
| Title | Further engineering mathematics : |
| Remainder of title | programs and problems / |
| Statement of responsibility, etc. | Ken A. Stroud. |
| 250 ## - EDITION STATEMENT | |
| Edition statement | 2nd ed. |
| 260 ## - PUBLICATION, DISTRIBUTION, ETC. | |
| Place of publication, distribution, etc. | New York, NY : |
| Name of publisher, distributor, etc. | Springer-Verlag, |
| Date of publication, distribution, etc. | 1990. |
| 300 ## - PHYSICAL DESCRIPTION | |
| Extent | xviii, 1140 p. ; |
| Dimensions | 22 cm. |
| 500 ## - GENERAL NOTE | |
| General note | "Companion volume: Engineering Mathematics, third edition Ken A. Stroud"--Verso half t.p. |
| 500 ## - GENERAL NOTE | |
| General note | Includes index. |
| 526 ## - STUDY PROGRAM INFORMATION NOTE | |
| Program name | 0 |
| Interest level | 0 |
| Reading level | 0 |
| Title point value | 510_246200000000000_STR |
| 650 #0 - SUBJECT ADDED ENTRY--TOPICAL TERM | |
| Topical term or geographic name entry element | Engineering mathematics |
| General subdivision | Programmed instruction. |
| 9 (RLIN) | 39006 |
| 650 #0 - SUBJECT ADDED ENTRY--TOPICAL TERM | |
| Topical term or geographic name entry element | MCE |
| 9 (RLIN) | 379 |
| 942 ## - ADDED ENTRY ELEMENTS (KOHA) | |
| Source of classification or shelving scheme | |
| Koha item type | Book |
| Withdrawn status | Lost status | Source of classification or shelving scheme | Damaged status | Not for loan | Permanent Location | Current Location | Date acquired | Total Checkouts | Full call number | Barcode | Date last seen | Price effective from | Koha item type |
|---|---|---|---|---|---|---|---|---|---|---|---|---|---|
| Military College of Engineering (MCE) | Military College of Engineering (MCE) | 04/01/2014 | 510.2462 STR | MCE-L.3, P.45 | 04/01/2014 | 04/01/2014 | Book |
